Estatísticas para Cultura Geral

Clique aqui para jogar o quiz

Estatísticas Gerais

  • Esse quiz foi jogado 9 vezes
  • A pontuação média é 5 de 15

Estatísticas das Respostas

HintResposta% Correto
Que operação matemática é a inversa da multiplicação?Divisão
88%
Que nome damos á infraestrutura destinada a acolher barcos e navios?Porto
88%
Que nome damos a uma rede interconectada de infraestrutura e veículos usados no transporte ferroviário?Ferrovia
63%
Que nome damos á forma de governo em que o chefe de estado é uma única pessoa que ocupa o cargo por toda a vida ou até a abdicação?Monarquia
63%
Que nome damos á personagem principal de uma obra criativa?Protagonista
63%
Que nome damos a uma estrada pública concebida para o tráfego de veículos automotivos?Rodovia
63%
Que nome damos á medida de uma distância que é perpendicular ao comprimento?Largura
38%
Que nome damos á unidade de matéria composta por particulas com cargas positivas e negativas?Átomo
25%
Que nome damos aos restos de seres vivos ou evidências de suas atividades biológicas?Fóssil
25%
Que nome damos á influência que faz com que um objeto mude seu movimento?Força
13%
Que nome damos á força que atua num corpo por ação da gravidade?Peso
13%
Que nome damos á taxa de variação da velocidade de um corpo?Aceleração
0%
Que nome damos á força retardada de um corpo se movendo em um fluído?Arrasto
0%
Que nome damos á informação contida na posição relativa de um ponto do espaço em relação a outro, desconsiderando a distância?Direção
0%
Que nome damos á variação da posição no espaço em relação ao tempo?Velocidade
0%

Distribuição das Pontuações

Percentil de Números Respondidos

Porcentagem de Pessoas com Cada Pontuação

Sua Pontuação Histórica

Você não jogou esse quiz